[Event "DEN-chT 1617 55th"]
[Site "Denmark"]
[Date "2016.10.30"]
[Round "2.2"]
[White "Haarup, Anders"]
[Black "Christensen, Stefan"]
[Result "0-1"]
[WhiteElo "1666"]
[BlackElo "2269"]
[PlyCount "72"]
[EventDate "2016.10.29"]
[EventType "team-tourn"]
[EventRounds "9"]
[EventCountry "DEN"]
[SourceTitle "EXT 2018"]
[Source "ChessBase"]
[SourceDate "2017.10.13"]
[SourceVersion "1"]
[SourceVersionDate "2017.10.13"]
[SourceQuality "1"]
[WhiteTeam "Skanderborg Nordea"]
[BlackTeam "Jetsmark"]
[WhiteTeamCountry "DEN"]
[BlackTeamCountry "DEN"]

1. d4 Nf6 2. Bg5 e6 3. e3 c5 4. c3 cxd4 5. Bxf6 Qxf6 6. cxd4 b6 7. Qf3 Qxf3 8. Nxf3 Bb4+ 9. Nc3 Bb7 10. Be2 Bxc3+ 11. bxc3 Nc6 12. 0-0 Ke7 13. a3 Rhc8 14. Rfc1 Na5 15. Nd2 Rc7 16. Rab1 Rac8 17. c4 Ba6 18. Rb4 d5 19. f3 Bxc4 20. Kf2 Bxe2 21. Rxc7+ Rxc7 22. Kxe2 Rc3 23. a4 Ra3 24. Rb2 Rxa4 25. Rc2 Kd7 26. Nb1 a6 27. Nd2 b5 28. Rb2 Nc4 29. Nxc4 dxc4 30. Rc2 Ra3 31. e4 a5 32. f4 Rb3 33. d5 exd5 34. exd5 a4 35. g4 a3 36. Kd1 Rb1+ 0-1